Music Quiz

Random Music or The Beatles Quiz

Beatles Songs where John AND Paul sing lead Quiz Stats

 Plays Quiz not verified by Sporcle

Challenge
Share
Tweet
Embed
Score 0/10 Timer 03:00
0 Plays Today
Song % Correct
A Day in the Life
85.8%
A Hard Day's Night
50%
I've Got a Feeling
44.4%
We Can Work It Out
35.2%
Day Tripper
27.8%
Wait
22.2%
Birthday
22.2%
All Together Now
17.3%
Every Little Thing
16%
Cry Baby Cry
15.4%

You're not logged in!

Compare scores with friends on all Sporcle quizzes.
OR
Log In

You Might Also Like...

Show Comments

Extras

Created Oct 26, 2012ReportNominate
Tags:The Beatles Quiz

Top Quizzes Today


Score Distribution

Your Account Isn't Verified!

In order to create a playlist on Sporcle, you need to verify the email address you used during registration. Go to your Sporcle Settings to finish the process.

Report this User

Report this user for behavior that violates our Community Guidelines.

Details: